01184cam a22003135i 450000100090000000300090000900500170001800800410003502000180007604000430009408200210013710000340015824501540019226400470034626400100039330000440040333600260044733700280047333800270050150000210052865000270054965000410057665000400061765300210065765500170067894200120069599900170070795201460072418273602EG-ScBUE20260308092844.0140820t2015 enka f 001 0 eng d a9780198729051 aEG-ScBUEbengerdacEG-ScBUEdEG-ScBUE04a570.285bHEC2221 aHector, Andy,938138eauthor.14aThe new statistics with R :ban introduction for biologists /cAndy Hector, professor of ecology, Department of Plant Sciences, University of Oxford. 1aOxford :bOxford University Press,c[2015] 4cc2015 axi, 199 pages :billustrations ;c24 cm 2rdacontentatextbtxt 2rdamediaaunmediatedbn 2rdacarrieravolumebnc aIncludes index.  7aBioinformatics.2BUEsh 7aR (Computer program language)2BUEsh 7aStatisticsxData processing.2BUEsh bBUSECOcJune2015 vReading book 2ddccBB c19540d19512 00102ddc40708BaccahaMAINbMAINc1STd2015-06-09ePurchasel1m3o570.285 HECp000038457r2025-07-15 00:00:00s2025-02-20w2015-06-09yBB